La irresponsabilidad organizada
Sábháilte in:
| Príomhchruthaitheoir: | |
|---|---|
| Formáid: | Téacs |
| Foilsithe / Cruthaithe: |
México :
|
| Clibeanna: |
Cuir clib leis
Níl clibeanna ann, Bí ar an gcéad duine le clib a chur leis an taifead seo!
|
MARC
| LEADER | 00000 a a2200000 04500 | ||
|---|---|---|---|
| 001 | 15873 | ||
| 003 | |||
| 040 | |||
| 090 | |a 019900 | ||
| 100 | |a Saxe Fernández, John | ||
| 245 | |a La irresponsabilidad organizada | ||
| 260 | |a México : | ||
| 300 | |a 4 p. | ||
| 500 | |a Tomado del Diario UNO + UNO de 4 de junio de 1979 | ||
| 999 | |c 13817 |d 13817 | ||
